| 000 | 00626nam a2200193 u 4500 | ||
|---|---|---|---|
| 005 | 20250221063808.0 | ||
| 008 | 190129s2010 r 000 0 eng d | ||
| 020 | _a9786078017409 | ||
| 035 | _aUPN01000228713 | ||
| 049 | _aLTG | ||
| 050 | 4 |
_aLC4043 M6 _bG8.4 |
|
| 245 | 0 | 0 | _aGuía para facilitar la inclusión de alumnos y alumnas con discapacidad en escuelas que participan en el Programa Escuelas de Calidad. |
| 260 |
_aMéxico : _bSEP, _c2010. |
||
| 300 | _a159 p. | ||
| 650 | 4 |
_aNIÑOS CON DISCAPACIDAD - _xEDUCACION - _zMEXICO _914281 |
|
| 650 | 4 |
_aIntegración escolar _9306 |
|
| 905 | _aLibro | ||
| 999 |
_c200808 _d200808 |
||